00370pab a2200109 454500008003600000100002000036245006900056650002700125650002100152700002100173773006600194180718b xxu||||| |||| 00| 0 eng d aTsugitaka, Sato aSurvey of research institutions in Beijing, Lanzhou and Quanzhou a Research Institutions aResearch - China aNakajima, Motoki aAsian research Trends: a Humanities and Social Science Review